000
00315nam a2200133Ia 4500
008
191201s2010 xx 000 0 und d
100
_a
POWERS,John
245
0
_a
Introduction to Fiber Optic Systems
250
_a
2nd
260
_a
N. Delhi
_b
TMH
_c
2010
300
_a
340
650
_a
M.Tech (ECE)
942
_2
ddc
_c
BK
999
_c
5083
_d
5083